Purity of diction in English verse / (Record no. 17845)
[ view plain ]
| 000 -LEADER | |
|---|---|
| fixed length control field | 01068cam a2200325 a 4500 |
| 001 - CONTROL NUMBER | |
| control field | 17845 |
| 003 - CONTROL NUMBER IDENTIFIER | |
| rucl marc code | BD-RjUL |
| 005 - DATE AND TIME OF LATEST TRANSACTION | |
| control field | 20211209000212.0 |
| 008 - FIXED-LENGTH DATA ELEMENTS--GENERAL INFORMATION | |
| fixed length control field | 140219s1967 enk b 001 0 eng |
| 020 ## - INTERNATIONAL STANDARD BOOK NUMBER | |
| International Standard Book Number | 0710012616 |
| International Standard Book Number | 0710066783 (pbk.) |
| 035 ## - SYSTEM CONTROL NUMBER | |
| System control number | 67-75829 |
| System control number | (BD-RjUL017903 |
| 040 ## - CATALOGING SOURCE | |
| Original cataloging agency | DLC |
| Transcribing agency | DLC |
| Modifying agency | m.c |
| -- | EQO |
| -- | BD-RjUL |
| Language of cataloging | eng |
| 041 ## - LANGUAGE CODE | |
| Language code of text/sound track or separate title | eng |
| 082 ## - DEWEY DECIMAL CLASSIFICATION NUMBER | |
| Classification number | 821.09 |
| Author mark and year | DAP |
| 100 1# - MAIN ENTRY--PERSONAL NAME | |
| Personal name | Davie, Donald. |
| 9 (RLIN) | 51437 |
| 245 10 - TITLE STATEMENT | |
| Title | Purity of diction in English verse / |
| Statement of responsibility, etc. | Donald Davie. |
| 250 ## - EDITION STATEMENT | |
| Edition statement | [New ed.] |
| 260 ## - PUBLICATION, DISTRIBUTION, ETC. (IMPRINT) | |
| Place of publication, distribution, etc. | London : |
| Name of publisher, distributor, etc. | Routledge & Kegan Paul, |
| Date of publication, distribution, etc. | 1967. |
| 300 ## - PHYSICAL DESCRIPTION | |
| Pagination | viii, 217 p. ; |
| Size | 21 cm. |
| 500 ## - GENERAL NOTE | |
| General note | First publ. 1952 by Chatto & Windus; reissued with postscript 1967 by Routledge & Kegan Paul. |
| 504 ## - BIBLIOGRAPHY, ETC. NOTE | |
| Bibliography, etc | Includes bibliographical footnotes and index. |
| 650 #0 - SUBJECT ADDED ENTRY--TOPICAL TERM | |
| Topical term or geographic name as entry element | English poetry |
| Chronological subdivision | 18th century |
| General subdivision | History and criticism |
| 9 (RLIN) | 52039 |
| Topical term or geographic name as entry element | English poetry |
| Chronological subdivision | 19th century |
| General subdivision | History and criticism |
| 9 (RLIN) | 53220 |
| Topical term or geographic name as entry element | English language |
| General subdivision | Style. |
| 9 (RLIN) | 52987 |
| 942 ## - ADDED ENTRY ELEMENTS (KOHA) | |
| Source of classification or shelving scheme | Dewey Decimal Classification |
| Koha item type | Books |
| Lost status | Source of classification or shelving scheme | Damaged status | Not for loan | Collection code | Permanent Location | Current Location | Shelving location | Date acquired | Source of acquisition | Cost, normal purchase price | Total Checkouts | Full call number | Date last seen | Copy number | Koha item type |
|---|---|---|---|---|---|---|---|---|---|---|---|---|---|---|---|
| Dewey Decimal Classification | Not For Loan | Fiction | Central Library, University of Rajshahi | Central Library, University of Rajshahi | Reading Room | 21/08/1987 | Zeitlinger | 25.00 | 821.09 DAP 1967 | 19/02/2014 | C-1 | Books |